000 00228nam a2200109Ia 4500
008 240625s9999 xx 000 0 und d
041 _aeng
082 _a658.45 EME
100 _aEMERY SUE
245 _aOUTLOOK 3
260 _c2007
999 _c34126
_d34126